书目信息 |
| 题名: |
数字逻辑设计与VHDL描述
|
|
| 作者: | 徐惠民 , 安德宁 编著 | |
| 分册: | ||
| 出版信息: | 北京 机械工业出版社 2002.04 |
|
| 页数: | 333页 | |
| 开本: | 24cm | |
| 丛书名: | ||
| 单 册: | ||
| 中图分类: | TP302.2 | |
| 科图分类: | ||
| 主题词: | 计算技术 , 电子计算机 | |
| 电子资源: | ||
| ISBN: | 7-111-09955-9 | |
| 000 | 00705nam0 2200229 450 | |
| 001 | 0331406702 | |
| 005 | 20031225084327.33 | |
| 010 | @a7-111-09955-9@dCNY26.00 | |
| 100 | @a20031225d2002 km y0chiy0120 ea | |
| 101 | 0 | @achi |
| 102 | @aCN@b110000 | |
| 200 | 1 | @a数字逻辑设计与VHDL描述@Ashu zi luo ji she ji yu VHDL miao shu@f徐惠民,安德宁编著@Fxu hui min,an de ning bian zhu |
| 210 | @a北京@c机械工业出版社@d2002.04 | |
| 215 | @a333页@d24cm | |
| 300 | @a21世纪高等院校通信与信息专业系列教材 | |
| 606 | 0 | @a计算技术 |
| 606 | 0 | @a电子计算机 |
| 690 | @aTP302.2@v4 | |
| 701 | 0 | @a徐惠民@Axu hui min@4编著 |
| 701 | 0 | @a安德宁@Aan de ning@4编著 |
| 801 | 0 | @aCN@bPFT@c20031225 |
| 905 | @aBZT@dTP302.2@e1@f3 | |
| 数字逻辑设计与VHDL描述/徐惠民,安德宁编著.-北京:机械工业出版社,2002.04 |
| 333页;24cm |
| 21世纪高等院校通信与信息专业系列教材 |
| ISBN 7-111-09955-9:CNY26.00 |
| ● |
| 相关链接 |
|
|
|
正题名:数字逻辑设计与VHDL描述
索取号:TP302.2/1
 
预约/预借
| 序号 | 登录号 | 条形码 | 馆藏地/架位号 | 状态 | 备注 |
| 1 | 0349846 | 201336385 | 样本书库/样007架A面5层2列/ [索取号:TP302.2/1] | 在馆 | |
| 2 | 0349847 | 201336401 | 中心书库中库/ 中库028架B面8列2层3/ [索取号:TP302.2/1] | 在馆 | |
| 3 | 0349848 | 201336410 | 中心书库中库/ 中库028架B面8列2层2/ [索取号:TP302.2/1] | 在馆 |